| 000 | 00619nam a2200253 a 4500 | ||
|---|---|---|---|
| 001 | nice12345678 | ||
| 003 | IN_TiNIC | ||
| 005 | 20260116012255.0 | ||
| 008 | 050524s1986 newa grp 000 0 eng | ||
| 020 |
_a0809170 _c100 |
||
| 082 | 0 | 0 |
_a327.17201 _bCOX |
| 100 | _aCox, Gray | ||
| 245 |
_aWays of Peace _b a Philosophy of Peace as Action |
||
| 260 |
_aNew York _bPaulist Press _c1986 |
||
| 300 | _a211p | ||
| 500 | _aincludes index and biblioraphy | ||
| 505 | 2 | _aIndex | |
| 650 | _aPeace | ||
| 650 | _aPhilosophy-Peace | ||
| 700 | 1 | _aCox, Gray | |
| 902 | _bSRS | ||
| 942 | _cBK | ||
| 999 |
_c6345 _d6345 |
||